| 000 | 00517nam a2200205 a 4500 | ||
|---|---|---|---|
| 005 | 20240910063947.0 | ||
| 008 | 991125s1978 ea 000 0 eng u | ||
| 020 | _a0471327670 | ||
| 035 | _aUPN01000000954 | ||
| 049 | _aCG | ||
| 050 | 4 |
_aLB1135 _bG7.28 1978 |
|
| 100 | 1 | _aGrinder, Robert E. | |
| 245 | 1 | 0 |
_aAdolescence / _cRobert E. Grinder. |
| 250 | _a2a ed. | ||
| 260 |
_aNew York : _bJ. Wiley, _c1978. |
||
| 300 |
_a610 p. : _bil. |
||
| 650 | 4 |
_aAdolescencia _91008 |
|
| 650 | 2 |
_aPubertad _914834 |
|
| 905 | _aLibro | ||
| 999 |
_c954 _d954 |
||